000 00602nam a2200241Ia 4500
005 20260320201209.0
008 008 262003s9999 xx 000 0 eng d
037 _aEBOOK
040 _aCRL
040 _beng
040 _cCRL
041 _2eng
041 _aeng
084 _qCRL
100 _aHackl
_91134452
245 0 _aNavigating the Metaverse: A Guide to Limitless Possibilities in a Web 3.0 World
260 _bIEEE
260 _c2022
856 _uhttps://ieeexplore.ieee.org/servlet/opac?bknumber=10950147
942 _cEBOOK
999 _c1719606
_d1719606